MARC details
| 000 -LEADER |
| fixed length control field |
02317cam a22005174a 4500 |
| 001 - CONTROL NUMBER |
| control field |
200442148 |
| 003 - CONTROL NUMBER IDENTIFIER |
| control field |
TR-AnTOB |
| 005 - DATE AND TIME OF LATEST TRANSACTION |
| control field |
20250801115107.0 |
| 007 - PHYSICAL DESCRIPTION FIXED FIELD--GENERAL INFORMATION |
| fixed length control field |
ta |
| 008 - FIXED-LENGTH DATA ELEMENTS--GENERAL INFORMATION |
| fixed length control field |
030328s2002 gw a b 100 0 eng |
| 016 7# - NATIONAL BIBLIOGRAPHIC AGENCY CONTROL NUMBER |
| Record control number |
965191109 |
| Source |
GyFmDB |
| 020 ## - INTERNATIONAL STANDARD BOOK NUMBER |
| International Standard Book Number |
9783885793441 |
|
| International Standard Book Number |
388579344X |
| 035 ## - SYSTEM CONTROL NUMBER |
| System control number |
(OCoLC)52766603 |
| 040 ## - CATALOGING SOURCE |
| Original cataloging agency |
DNLM |
| Language of cataloging |
eng |
| Description conventions |
rda |
| Transcribing agency |
DNLM |
| Modifying agency |
TR-AnTOB |
| 041 0# - LANGUAGE CODE |
| Language code of text/sound track or separate title |
İngilizce |
| 042 ## - AUTHENTICATION CODE |
| Authentication code |
pcc |
| -- |
nlmcopyc |
| 060 00 - NATIONAL LIBRARY OF MEDICINE CALL NUMBER |
| Classification number |
W 26.5 |
| Item number |
C7484m 2002 |
| 072 #7 - SUBJECT CATEGORY CODE |
| Subject category code |
R |
| Source |
lcco |
| 096 ## - LOCALLY ASSIGNED NLM-TYPE CALL NUMBER (OCLC) |
| Classification number |
W26.5 |
| Item number |
C7484m 2002 |
| 111 2# - MAIN ENTRY--MEETING NAME |
| Meeting name or jurisdiction name as entry element |
Conference on Mobile Computing in Medicine |
| Number of part/section/meeting |
(2nd : |
| Date of meeting |
2002 : |
| Location of meeting |
Heidelberg, Germany) |
| 9 (RLIN) |
131554 |
| 245 10 - TITLE STATEMENT |
| Title |
Mobile computing in medicine / |
| Statement of responsibility, etc. |
Second Conference on Mobile Computing in Medicine, 11.04.2002 in Heidelberg, Germany ; Hans-Bernd Bludau, Andreas Koop (Hrsg.). |
| 264 #1 - PRODUCTION, PUBLICATION, DISTRIBUTION, MANUFACTURE, AND COPYRIGHT NOTICE |
| Place of production, publication, distribution, manufacture |
Bonn : |
| Name of producer, publisher, distributor, manufacturer |
Gesellschaft für Informatik, |
| Date of production, publication, distribution, manufacture, or copyright notice |
[2002] |
|
| Date of production, publication, distribution, manufacture, or copyright notice |
c2002. |
| 300 ## - PHYSICAL DESCRIPTION |
| Extent |
236 pages : |
| Other physical details |
illustrations ; |
| Dimensions |
24 cm. |
| 336 ## - CONTENT TYPE |
| Content type term |
text |
| Content type code |
txt |
| Source |
rdacontent |
| 337 ## - MEDIA TYPE |
| Media type term |
unmediated |
| Media type code |
n |
| Source |
rdamedia |
| 338 ## - CARRIER TYPE |
| Carrier type term |
volume |
| Carrier type code |
nc |
| Source |
rdacarrier |
| 490 1# - SERIES STATEMENT |
| Series statement |
GI-Edition. Proceedings, |
| International Standard Serial Number |
1617-5468 ; |
| Volume/sequential designation |
v. P-15 |
| 500 ## - GENERAL NOTE |
| General note |
"Workshop of the project group MoCoMed, GMDS-Fachbereich Medizinische Informatik & GI-Fachausschuss 4.7, 11.04.2002, Heidelberg"--Cover p. [1]. |
| 504 ## - BIBLIOGRAPHY, ETC. NOTE |
| Bibliography, etc. note |
|
| 650 12 - SUBJECT ADDED ENTRY--TOPICAL TERM |
| Topical term or geographic name entry element |
Delivery of Health Care |
| General subdivision |
trends |
| Authority record control number or standard number |
https://id.nlm.nih.gov/mesh/D003695Q000639 |
| 9 (RLIN) |
117292 |
|
| Topical term or geographic name entry element |
Medical Informatics |
| General subdivision |
trends |
| Authority record control number or standard number |
https://id.nlm.nih.gov/mesh/D008490Q000639 |
| 9 (RLIN) |
131557 |
|
| Topical term or geographic name entry element |
Cell Phone |
| Authority record control number or standard number |
https://id.nlm.nih.gov/mesh/D040421 |
|
| Topical term or geographic name entry element |
Computers, Handheld |
| Authority record control number or standard number |
https://id.nlm.nih.gov/mesh/D034201 |
| 655 #2 - INDEX TERM--GENRE/FORM |
| Genre/form data or focus term |
Congress |
| Authority record control number |
https://id.nlm.nih.gov/mesh/D016423 |
| 9 (RLIN) |
131551 |
| 700 1# - ADDED ENTRY--PERSONAL NAME |
| Personal name |
Bludau, Hans-Bernd |
| 9 (RLIN) |
131558 |
| Relator term |
Editor |
|
| Personal name |
Koop, Andreas, |
| 9 (RLIN) |
131559 |
| Dates associated with a name |
1970- |
| Relator term |
editor |
| 710 2# - ADDED ENTRY--CORPORATE NAME |
| Corporate name or jurisdiction name as entry element |
Deutsche Gesellschaft für Medizinische Informatik, Biometric und Epidemiologie. |
| Subordinate unit |
MoCoMed |
| 9 (RLIN) |
131561 |
|
| Corporate name or jurisdiction name as entry element |
Deutsche Gesellschaft für Medizinische Informatik, Biometric und Epidemiologie. |
| Subordinate unit |
Fachbereich Medizinische Informatik |
| 9 (RLIN) |
131562 |
|
| Corporate name or jurisdiction name as entry element |
Gesellschaft für Informatik. |
| Subordinate unit |
Fachausschuss 4.7 |
| 9 (RLIN) |
131563 |
| 830 #0 - SERIES ADDED ENTRY--UNIFORM TITLE |
| Uniform title |
GI-Edition. |
| Name of part/section of a work |
Proceedings, |
| Volume/sequential designation |
v. P-15. |
| 942 ## - ADDED ENTRY ELEMENTS (KOHA) |
| Source of classification or shelving scheme |
National Library of Medicine |
| Koha item type |
Book |